000 00795nam a2200241 a 4500
001 67363
003 BD-RjUL
005 20211209081637.0
008 740605s1967 enka b 100 0 eng
035 _a(BD-RjUL)67494
040 _aDLC
_cDLC
_dDLC
_dBD-RjUL
_beng
041 _aeng
082 0 0 _223
_a364.942
_bFRO 1967
245 1 0 _aFrontiers of criminology :
_bsummary of the proceedings /
_cEdited by Hugh J. Klare and David Haxby. Introduced by T. C. N. Gibbens.
250 _a1st ed.
260 _aOxford,
_aNew York :
_bPergamon Press,
_c1967
300 _axii, 147 p. :
_bill. ;
_c23 cm.
504 _aIncludes bibliographies.
650 0 _aCrime
_zGreat Britain
_xCongresses.
_9199579
700 1 _aKlare, Hugh J.,
_eed.
_9199580
700 1 _aHaxby, David,
_eed.
_9199581
942 _2ddc
_cBK
999 _c67363
_d67363